000 00658nam a2200229Ia 4500
003 OSt
005 20220923230452.0
006 a|||||r|||| 00| 0
007 ta
008 Pun
024 _a282,270
037 _cTextual
040 _aARTS
_cARTS
_bPun
041 _2Pun
_aPun
082 _aO152,3N32x, 153M5
100 _aਢੰਡ, ਰਘੁਬੀਰ, ੳਗ.
245 0 _aਕਮਲੇFਵਰ ਦੀਆਂ ਚੋਣਵੀਆਂ ਕਹਾਣੀਆਂ
260 _c1985
650 _aਪੰਜਾਬੀ ਸਾਹਿਤ
942 _hO152,3N32x, 153M5
_cTEXL
_2CC
999 _c385037
_d385037